000 00354nam a22001457a 4500
003 OSt
005 20160727222406.0
008 160623b xxu||||| |||| 00| 0 eng d
040 _cTEST
100 _9844
_aWhitney, P.A
245 _aSecert of Goblin Glen
260 _aN.Y
_bThe Westminister Press
_c1965
300 _aSecert of Goblin Glen
942 _2ddc
_cBK
999 _c670
_d670